Statistics for Ethnic Groups and Languages of Russia - Far East

Click here to take the quiz!

General Stats

  • This quiz has been taken 3 times
  • The average score is 4 of 14

Answer Stats

Language Family - GroupLanguageEthnic GroupNumberRepublic (or other)% Correct
KoreanicKoreanKoryo-saram (Koreans in former USSR)150.000Vladivostok
100%
TungusicEven (minority)Evens22.000Magadan Oblast, Kamchatka Krai, Sakha
67%
Chukotko-KamchatkanChukchiChukchi people16.000Chukotka Autonomous Okrug
67%
Eskimo-AleutAleutEskimos1700Kamchatka Krai
67%
Originally Afro-Asiatic - SemiticRussian (minority Yiddish)Jews160.000 (many more partial descent)Jewish Autonomous Oblast
33%
TungusicEvenkiEvenks38.000Siberia to Sakhalin
33%
TungusicNanai (minority)Nanai people12.000Khabarovsk Krai and Primorsky Krai
0%
Chukotka-KamchatkanKoryak (minority)Koryaks8000Koryak Okrug (in Kamchatka Krai)
0%
Chukotko-KamchatkanItelmen (near extinction)Itelmens3100Kamchatka Krai
0%
TungusicUlch (near extinction)Ulchs2700Khabarovsk Krai
0%
Originally Chukotko-KamchatkanRussianKamchadals (Russian assimilated)1900Kamchatka Krai
0%
Sino-Tibetan - MandarinDunganDungans (Muslim Chinese)1600Near Kazakhstan
0%
TungusicUdege (near extinction)Udege people1500Khabarovsk Krai, Primorsky Krai
0%
Dené-YeniseianKet (near extinction)Kets1200Krasnoyarsk Krai
0%

Score Distribution

Percentile by Number Answered

Percent of People with Each Score

Your Score History

You have not taken this quiz